| 000 | 00560nam a2200193Ia 4500 | ||
|---|---|---|---|
| 005 | 20250507130225.0 | ||
| 008 | 008 250505s9999 xx 000 0 eng d | ||
| 037 | _aSeries Article | ||
| 040 |
_aEASL _beng _cEASL |
||
| 041 |
_aeng _2eng |
||
| 084 | _qEASL | ||
| 100 |
_aSiniawer Eiko Maruko _9668918 |
||
| 245 | 0 | _aLiberalism undone;discourses on political violence in interwer Japan | |
| 260 |
_aUK _bCambridge Cambridge University Press UK _c2011 |
||
| 300 | _a973-1002 | ||
| 650 | _aJapan | ||
| 942 | _cSRA | ||
| 999 |
_c1318409 _d1318409 |
||